Proceedings. (Record no. 69893)

MARC details
000 -LEADER
fixed length control field 00871nam a22002531 4500
001 - CONTROL NUMBER
control field sa 66005322
003 - CONTROL NUMBER IDENTIFIER
control field DLC
005 - DATE AND TIME OF LATEST TRANSACTION
control field 20260227112248.0
008 - FIXED-LENGTH DATA ELEMENTS--GENERAL INFORMATION
fixed length control field 860109s1965 ii a b 100 0 eng
010 ## - LIBRARY OF CONGRESS CONTROL NUMBER
LC control number sa 66005322
025 ## - OVERSEAS ACQUISITION NUMBER
Overseas acquisition number PL480:I-E-4938
040 ## - CATALOGING SOURCE
Original cataloging agency DLC/ICU
Transcribing agency ICU
Modifying agency DLC
050 00 - LIBRARY OF CONGRESS CALL NUMBER
Classification number QP921.Q7
Item number S9 1963
111 2# - MAIN ENTRY--MEETING NAME
Meeting name or jurisdiction name as entry element Symposium on Natural Quinones
Date of meeting or treaty signing (1963 :
Location of meeting Delhi, India)
245 00 - TITLE STATEMENT
Title Proceedings.
260 ## - PUBLICATION, DISTRIBUTION, ETC.
Place of publication, distribution, etc. New Delhi,
Name of publisher, distributor, etc. National Institute of Sciences of India
Date of publication, distribution, etc. [1965]
300 ## - PHYSICAL DESCRIPTION
Extent 149 p.
Other physical details illus.
Dimensions 24 cm.
490 1# - SERIES STATEMENT
Series statement National Institute of Sciences of India. Bull.
Volume/sequential designation no. 28
504 ## - BIBLIOGRAPHY, ETC. NOTE
Bibliography, etc. note Includes bibliographies.
500 ## - GENERAL NOTE
General note Organized by the National Institute of Sciences of India.
650 #0 - SUBJECT ADDED ENTRY--TOPICAL TERM
Topical term or geographic name entry element Quinone.
710 2# - ADDED ENTRY--CORPORATE NAME
Corporate name or jurisdiction name as entry element National Institute of Sciences of India.
830 #0 - SERIES ADDED ENTRY--UNIFORM TITLE
Uniform title Bulletin of the National Institute of Sciences of India ;
Volume/sequential designation no. 28.

No items available.

Powered by Koha